000 00959nmm a2200289 a 4500
001 ocm0001864893
003 TR-IsHL
005 20201028172625.0
008 180519s2014 tu tur
007 cr cn
020 _a9786055729486
035 _a1864893
_b(N$T)
050 0 4 _aBF713
_b.D55 2014
090 0 4 _aBF713
_b.D55 2014
100 1 _aDilci, Tuncay
245 1 0 _aGelişim psikolojisi
_h[electronic resource] /
_cTuncay Dilci ; editör Hüseyin Cengiz
260 _aİstanbul :
_bİdeal Kültür Yayıncılık,
_c2014
300 _a263 p.
500 _aKaynakça var.
_x
650 4 _aFelsefe, Psikoloji ve Din
650 4 _aPhilosophy, Psychology and Religion
650 0 _aGelişim psikolojisi
650 0 _aDevelopmental psychology
650 7 _aPSYCHOLOGY / Developmental / Child
_2bisacsh
700 1 _aCengiz, Hüseyin
856 4 0 _uhttp://search.ebscohost.com/login.aspx?direct=true&scope=site&db=e011xww&AN=1864893
999 _c17293
_d17293